|
|
|
|
| LEADER |
00000nab a2200000 4500 |
| 001 |
vtls012155464 |
| 003 |
SK-MaSNL |
| 005 |
20260303230416.0 |
| 008 |
221201c2022 xo zr|p || ||00 c0ukr |
| 015 |
|
|
|a SNBRB2022/12
|
| 038 |
|
|
|a SVKPOCL
|
| 040 |
|
|
|a SVKPOCL
|b slo
|c SVKPOCL
|e rda
|
| 041 |
0 |
|
|a ukr
|
| 044 |
|
|
|a xo
|c SK
|
| 072 |
|
7 |
|a 821.161
|x Východoslovanské literatúry
|2 konspekt
|
| 080 |
|
|
|a 821.161.2-1
|2 2011
|
| 080 |
|
|
|a 821.161.2-1-053.2
|2 2011
|
| 080 |
|
|
|a 821.161.2-93
|2 2011
|
| 080 |
|
|
|a (477)
|2 2011
|
| 100 |
1 |
|
|a Kuzan, Vasyl' Vasyl'ovyč,
|d 1963-
|4 aut
|9 1264367
|
| 245 |
1 |
0 |
|a Kolyskova dlja zajčyka
|c Vasyl' Kuzan
|
| 336 |
|
|
|a text
|b txt
|2 rdacontent
|
| 337 |
|
|
|a bez média
|b n
|2 rdamedia
|
| 338 |
|
|
|a zväzok
|b nc
|2 rdacarrier
|
| 500 |
|
|
|a Kuzan, Vasyl' pozri Kuzan, Vasyl' Vasyl'ovyč
|
| 500 |
|
|
|a Doplňujúce údaje sú prevzaté z Vikipediji
|
| 650 |
0 |
7 |
|a ukrajinská poézia
|2 SNKPH
|9 59029
|
| 650 |
0 |
7 |
|a poézia pre deti
|2 SNKPH
|9 31212
|
| 650 |
0 |
7 |
|a literatúra pre deti
|2 SNKPH
|9 55721
|
| 650 |
0 |
7 |
|a ukrajinská literatúra
|2 SNKPH
|9 1218
|
| 655 |
|
7 |
|a poézia pre deti
|2 SNKPH
|9 86748
|
| 655 |
|
7 |
|a ukrajinská poézia
|2 SNKPH
|9 70502
|
| 773 |
0 |
|
|t Veselka
|g Roč. 70, č. 2 (2022/2023), s. 23
|
| 852 |
|
|
|a SVKPO
|b KIS3GCP
|
| 856 |
4 |
2 |
|u https://yandex.ru/search/?text=%D0%9A%D1%83%D0%B7%D0%B0%D0%BD%2C+%D0%92%D0%B0%D1%81%D0%B8%D0%BB%D1%8C%2C+1963-&lr=105426&search_source=yaru_desktop_common
|
| 958 |
|
|
|a UA
|
| 958 |
|
|
|a SS
|
| 958 |
|
|
|a LX
|
| 958 |
|
|
|a NM
|
| 958 |
|
|
|a DB
|
| 999 |
|
|
|c 2261721
|d 2263651
|